000
00336nam a2200133Ia 4500
008
240624s9999 xx 000 0 und d
041
_a
eng
082
_a
828 OSH
100
_a
OSHO
245
_a
GREAT CHALLENGE EXPLORING THE WORLD WITH
260
_c
2010
_a
New Delhi
_b
HarperCollins
300
_a
231 : p. : cm. ; 20
365
_c
RS
_b
25
999
_c
18507
_d
18507